| 000 | 01023nam a22002414a 4500 | ||
|---|---|---|---|
| 005 | 20080903163048.0 | ||
| 008 | 080128s2008 ii abf b 001 0 eng | ||
| 010 | _aENG-92561 | ||
| 020 |
_a9788173872105 _c1200.00 |
||
| 035 | _aEN-76094 | ||
| 037 | _bDBAD / PUB | ||
| 040 |
_adpl _bEnglish |
||
| 082 | _a726.145 | ||
| 100 | _aUpādhyāya, Nīlamaṇi. | ||
| 245 |
_aTemples of Himachal Pradesh : _barchitectural, sculptural, religious, and cultural significance / _cby Neelmani Upadhyay |
||
| 260 |
_aNew Delhi _bIndus Publishing _c2008 |
||
| 270 |
_aFS-5, Tagore Garden, _bNew Delhi _e110027 |
||
| 300 |
_a207 p., [32] p. of plates : _bill., 1 map ; _c25 cm (Hb) |
||
| 500 | _aIncludes bibliographical references and index. | ||
| 650 |
_aTemples, Hindu _zIndia _zHimachal Pradesh. |
||
| 942 |
_2ddc _cEN _mUPA _h726.145 |
||
| 999 |
_c21118 _d21118 |
||